000 00640cam a22002172 4500
001 0000001825
005 20151217151830.0
008 070328s xx 000 0 eng d
020 _a0939246511 :
_cUSD 19.95
040 _aKABU
_cKABU
050 0 _aHD58.9
_b.D56 1991
100 1 _aDimancescu, Dan.
_@0000150857
245 1 4 _aThe Seamless enterprise.
260 _aEssex Junction :
_bOmneo,
_c1992.
300 _a249 p. ;
_c23 cm.
650 0 _aOrganizational effectiveness.
_@0000150612
650 0 _aIndustrial management.
_@0000149957
908 _a070328
950 _@1
999 _c5476
_d5476